Principales poblaciones extranjeras de España por provincia - Estadísticas

Estadísticas generales
  • Esta prueba ha sido intentada 4.056 veces
  • La puntuación promedio es 13 de 19
Estadísticas de respuestas
Provincias País % Correcto
46 Marruecos
99%
22 Colombia
90%
5 Venezuela
88%
10 Reino Unido
87%
2 Alemania
85%
1 Argelia
85%
6 Italia
84%
7 Portugal
84%
1 Perú
80%
37 Rumanía
78%
2 China
75%
2 Ecuador
73%
2 Brasil
70%
1 Senegal
58%
6 Bulgaria
42%
1 Países Bajos
40%
1 Malí
36%
1 Honduras
32%
3 Nicaragua
27%
No se encontraron pruebas coincidentes
Distribución de puntuación
Porcentaje de gente con cada puntuación
Porcentaje por número respondido
Historial de tus puntuaciones
No has intentado esta prueba.